15 Largest Cities in Pakistan🇵🇰 - Statistics

General Stats
  • This quiz has been taken 37 times
  • The average score is 8 of 15
Answer Stats
Population City % Correct
601k Islamabad
100%
11.6 mil Karachi
100%
6.3 mil Lahore
97%
1.3 mil Hyderabad
88%
2.5 mil Faisalabad
81%
1.7 mil Rawalpindi
72%
1.2 mil Peshawar
66%
1.4 mil Multan
63%
733k Quetta
63%
1.3 mil Gujranwala
47%
552k Bahawalpur
19%
725k Muzaffarabad
6%
788k Rahim Yar Khan
3%
700k Battagram
0%
640k Kotli
0%
No matching quizzes found
Score Distribution
Percent of People with Each Score
Percentile by Number Answered
Your Score History
You have not taken this quiz